00470nam a2200157Ia 450000500170000000800410001708200130005810000200007124500340009126000360012530000130016165000180017494200060019295200990019899900150029720250313122905.0240331s9999 xx 000 0 und d bGNAa894 aGnanasekaran, t 0aAlseshanum oru poonaikuddiyum aColombobMallikai Panthalc1998 a152 p ., aShort Stories cL 001040708LaWERCLbWERCLcSSCd2024-03-31l0o 894.811 GNAp4508r2024-03-31w2024-03-31yL c3751d3751